produkcja rolna na świecie - Statystyki

Ogólne statystyki
  • Ten quiz został rozwiązany 32 razy
  • Średni wynik to 13 z 33
Statystyki odpowiedzi
Nazwa uprawianej rośliny/
hodowanego zwierzęcia
Państwo 1 Państwo 2 Państwo 3 Produkcja światowa (tony) % Poprawnych
Ryż Chiny Indie Bangladesz 800 mln ton
86%
Żyto Niemcy Polska 12 mln ton
81%
Kawa Brazylia Wietnam Indonezja 10 mln ton
71%
Kukurydza USA Chiny Brazylia 1,3 mld ton
71%
Pszenica Chiny Indie Rosja 800 mln ton
71%
Owies Rosja Kanada Polska 20 mln ton
67%
Ziemniak Chiny Indie Ukraina 400 mln ton
67%
Herbata Chiny Kenia Sri Lanka 7 mln ton
57%
Pszenżyto Polska Niemcy 15 mln ton
57%
Soja Brazylia USA Argentyna 370 mln ton
57%
Trzcina cukrowa Brazylia Indie Chiny 1,8 mld ton
57%
Bawełna Indie Chiny USA 25 mln ton
52%
Jabłka Chiny USA Polska 100 mln
52%
Jęczmień Rosja Australia Francja 130 mln ton
52%
Kakao WKS Ghana Indonezja 5 mln
52%
Rzepak Chiny Kanada Indie 70 mln ton
48%
Sorgo USA Nigeria Indie 60 mln ton
48%
Burak cukrowy Rosja Francja USA 270 mln ton
38%
Proso Indie Chiny Niger 30 mln ton
38%
Bataty Chiny Malawi Tanzania 90 mln ton
33%
Maniok Nigeria DRK Tajlandia 320 mln ton
33%
Len Francja Belgia Białoruś 0,9 mln ton
29%
Pomidory Chiny Indie Turcja 200 mln
24%
Oliwka Hiszpania Grecja Włochy 20 mln ton
19%
Słonecznik Ukraina Rosja Argentyna 50 mln ton
19%
Tyton Chiny Indie Brazylia 5 mln
19%
Kauczuk Tajlandia Indonezja Wietnam 15 mln
14%
Papryka Indie Bangladesz Tajlandia 5 mln
10%
Jam Nigeria Ghana WKS 75 mln ton
5%
Juta Indie Bangladesz Uzbekistan 3 mln ton
5%
Orzeszki ziemne Chiny Indie Nigeria 50 mln ton
5%
Palma oleista Indonezja Malezja Tajlandia 450 mln ton
5%
Taro Nigeria Etiopia Chiny 10 mln ton
0%
Nie znaleziono quizów pasujących do podanych kryteriów
Rozkład punktacji
Procent ludzi z każdym wynikiem
Percentyl według liczby udzielonych odpowiedzi
Twoja historia wyników
Nie rozwiązałeś tego quizu